ا د بی تحر يکا ت و ر حجا نا ت (Record no. 87806)
[ view plain ]
| 000 -LEADER | |
|---|---|
| fixed length control field | 01361nam a22003017a 4500 |
| 005 - DATE AND TIME OF LATEST TRANSACTION | |
| control field | 20170327105252.0 |
| 008 - FIXED-LENGTH DATA ELEMENTS--GENERAL INFORMATION | |
| fixed length control field | 140714b xxu||||| |||| 00| 0 Urdu d |
| 010 ## - LCCN (DPL NO) | |
| LC control number | UR-8588 B-548297 B-665939-40 |
| 020 ## - INTERNATIONAL STANDARD BOOK NUMBER | |
| Terms of availability | 850.00 |
| International Standard Book Number | 9789381029633 |
| 020 ## - INTERNATIONAL STANDARD BOOK NUMBER | |
| Terms of availability | 800.00 V.1 |
| International Standard Book Number | 9789381029480 |
| 020 ## - INTERNATIONAL STANDARD BOOK NUMBER | |
| Terms of availability | 850.00 V.2 |
| International Standard Book Number | 9789381029473 |
| 035 ## - SYSTEM CONTROL NUMBER | |
| System control number | U-7143 B-548297 B-665939-40 |
| 037 ## - SOURCE OF ACQUISITION | |
| Source of stock number/acquisition | BPPD/Publishers/Venders |
| 037 ## - SOURCE OF ACQUISITION | |
| Source of stock number/acquisition | DBAD/Pub. |
| 037 ## - SOURCE OF ACQUISITION | |
| Source of stock number/acquisition | S.P. Vend |
| 040 ## - CATALOGING SOURCE | |
| Original cataloging agency | DPL |
| Language of cataloging | Urdu |
| 082 ## - DEWEY DECIMAL CLASSIFICATION NUMBER | |
| Classification number | 840 |
| 100 ## - MAIN ENTRY--PERSONAL NAME | |
| Personal name | مر تب :ا نو ر پا شا |
| 245 ## - TITLE STATEMENT | |
| Title | ا د بی تحر يکا ت و ر حجا نا ت |
| Statement of responsibility, etc | مر تب :ا نو ر پا شا |
| 246 ## - VARYING FORM OF TITLE | |
| Title proper/short title | Adabi Tehrikat -wa- Rujhanaat9Vol.-2) |
| Remainder of title | byAnwar Pasha |
| 260 ## - PUBLICATION, DISTRIBUTION, ETC. (IMPRINT) | |
| Name of publisher, distributor, etc | Arshia Publictions |
| -- | Star Publications.( Vender) |
| Date of publication, distribution, etc | 2014 |
| 260 ## - PUBLICATION, DISTRIBUTION, ETC. (IMPRINT) | |
| Place of publication, distribution, etc | 4/5Asaf Ali Road,New Delhi-110002 |
| 270 ## - ADDRESS | |
| Address | A-170,Ground Floor, 3,Surya Apartment, Dilshad Colony, |
| City | دھلی |
| Postal code | 110095 |
| Telephone number | 9971775969 |
| 300 ## - PHYSICAL DESCRIPTION | |
| Extent | 876ص |
| Dimensions | 22Cm(Pb) |
| 942 ## - ADDED ENTRY ELEMENTS (KOHA) | |
| Source of classification or shelving scheme | Dewey Decimal Classification |
| Item type | Urdu Bks |
| Call number suffix | ا ن و |
| Classification part | 840 |
| Withdrawn status | Lost status | Source of classification or shelving scheme | Damaged status | Not for loan | Collection code | Home library | Current library | Date acquired | Source of acquisition | Cost, normal purchase price | Total Checkouts | Total Renewals | Full call number | Barcode | Date last seen | Copy number | Cost, replacement price | Koha item type | Materials specified (bound volume or other part) |
|---|---|---|---|---|---|---|---|---|---|---|---|---|---|---|---|---|---|---|---|
| Dewey Decimal Classification | Non-fiction | Ashok Vihar | Ashok Vihar | 27/03/2017 | BPPD/UR/2014-15/AV/16-17/657/SP/2267/27.2.17/8.3.17 | 800.00 | 840 ا ن و | B-665939 | 27/03/2017 | 1 | 800.00 | Urdu Bks | V.1 | ||||||
| Dewey Decimal Classification | Non-fiction | Ashok Vihar | Ashok Vihar | 27/03/2017 | BPPD/UR/2014-15/AV/16-17/657/SP/2267/27.2.17/8.3.17 | 850.00 | 840 ا ن و | B-665940 | 27/03/2017 | 1 | 850.00 | Urdu Bks | V.2 | ||||||
| Dewey Decimal Classification | Non-fiction | Central Library | Central Library | 17/12/2014 | BPPD/UR/2014-15/127/1.8.14/SP/3597/6.8.14/2.9.14 | 850.00 | 8 | 5 | 840 ا ن و | B-548297 | 02/08/2024 | 1 | 850.00 | Urdu Bks | |||||
| Dewey Decimal Classification | Not For Loan | Non-fiction | D.B.Act.Division | D.B.Act.Division | 03/02/2015 | DBAD/Pub. | 300.00 | 840 ا ن و | U-7143 | 03/02/2015 | 1 | 300.00 | Urdu Bks |
